000 00482nam a2200169Ia 4500
008 090123s9999 xx 000 0 und d
082 _b4059
100 _aमिश्र नरेंद्रनाथ
245 _aमहानगर
250 _a1
300 _a128
600 _aमिश्र नरेंद्रनाथ
630 _aमहानगर
700 _aमिश्र नरेंद्रनाथ
730 _aमहानगर
942 _cBOOK
999 _c42135
_d42135